Port systems in global competition : (Record no. 3043)

000 -LEADER
fixed length control field 02994cam a22003138i 4500
006 - FIXED-LENGTH DATA ELEMENTS--ADDITIONAL MATERIAL CHARACTERISTICS--GENERAL INFORMATION
fixed length control field m o d
007 - PHYSICAL DESCRIPTION FIXED FIELD--GENERAL INFORMATION
fixed length control field cr |||||||||||
008 - FIXED-LENGTH DATA ELEMENTS--GENERAL INFORMATION
fixed length control field 230518s2024 enk ob 001 0 eng
020 ## - INTERNATIONAL STANDARD BOOK NUMBER
International Standard Book Number 9781003316657
Qualifying information (ebook)
040 ## - CATALOGING SOURCE
Original cataloging agency IMU Kochi Library
Language of cataloging eng
040 ## - CATALOGING SOURCE
Original cataloging agency IMU Kochi Library
Language of cataloging eng
041 0# - LANGUAGE CODE
Language code of text/sound track or separate title eng
082 00 - DEWEY DECIMAL CLASSIFICATION NUMBER
Classification number 387.1
Edition number 23
245 00 - TITLE STATEMENT
Title Port systems in global competition :
Sub Title spatial-economic perspectives on the co-development of seaports /
260 ## - PUBLICATION, DISTRIBUTION, ETC. (IMPRINT)
Place of publication, distribution, etc Abingdon, Oxon ; New York, NY :
Name of publisher, distributor, etc Routledge,
Date of publication, distribution, etc 2024
300 ## - PHYSICAL DESCRIPTION
Extent 1 online resource.
490 1# - SERIES STATEMENT
Series statement Routledge Studies in Transport Analysis Series
520 ## - SUMMARY, ETC.
Summary, etc "In a world where most international trade is carried by sea, each port can be seen as a unique chokepoint competing to attract ever more traffic and economic activities. However, ports can also be seen as parts of a wider system, which can be defined as a system of two or more ports located in proximity within a given area. Their fate and governance is jointly influenced when belonging to the same region, country, or transnational space. Investments, shocks, innovations, and delays occurring in one port often affect other ports within a certain spatial range and time lapse. Further understanding of such co-developments in port systems is necessary to go beyond local specificities, through a multidisciplinary and multi-level contribution. Port Systems in Global Competition is an answer to the strong and urgent need for reviewing the relevant theories, concepts, methods, and sources that can be mobilized for the analysis of port systems. With contributions from reputable scholars coming from no less than 11 countries in Europe, Asia, and North America, this book delves into the analysis of port systems from diverse disciplinary angles (geography, regional science, economics, management, engineering, and mathematics/computer sciences), and covering innovative empirical approaches to various port systems in the world. The theoretical and empirical knowledge can support and enhance decision-making in relation with the development of ports, supply chains, and transport networks in general. This book is an ideal companion to academics and upper-level students interested in the analysis of transport and economic systems in general, as well as the effective ways to answer complex issues in transportation and socio-economic development. It will be a valuable resource for those researching or studying transportation and supply chains, maritime and port economics, as well as regional development and human geography"--
650 #0 - SUBJECT ADDED ENTRY--TOPICAL TERM
Topical term or geographic name as entry element Harbors
General subdivision Economic aspects.
650 #7 - SUBJECT ADDED ENTRY--TOPICAL TERM
Topical term or geographic name as entry element BUSINESS & ECONOMICS / Industries / Transportation
Source of heading or term bisacsh
700 1# - ADDED ENTRY--PERSONAL NAME
Personal name Ducruet, César,
Relator term Editor
700 1# - ADDED ENTRY--PERSONAL NAME
Personal name Notteboom, Theo,
Relator term Editor
830 #0 - SERIES ADDED ENTRY--UNIFORM TITLE
Uniform title Routledge studies in transport analysis.
852 ## - LOCATION/CALL NUMBER
Location IMU Kochi Library
856 40 - ELECTRONIC LOCATION AND ACCESS
Uniform Resource Identifier <a href="https://www.taylorfrancis.com/books/9781003316657">https://www.taylorfrancis.com/books/9781003316657</a>
904 ## - LOCAL DATA ELEMENT D, LDD (RLIN)
CATALOGER Rudra Ranjan
905 ## - LOCAL DATA ELEMENT E, LDE (RLIN)
VERIFIER Rudra Ranjan
942 ## - ADDED ENTRY ELEMENTS (KOHA)
Item type E-Book

No items available.



Copyright © All Rights Reserved by Indian Maritime University, Kochi Campus.
For any Suggestions/Query Contact to library or Email: library.kochi@imu.ac.in Ph:(0484)-2989402
(Web OPAC Designed by Rudra Ranjan. Maintained by IMU Kochi Library)

Powered by Koha